00683nam a22002057a 4500003000400000005001700004008004100021020001800062040002900080050002600109100002000135245009400155260003900249300001600288650004800304650004300352650004400395700002000439700001800459OSt20260619110346.0260619b |||||||| |||| 00| 0 eng d a9781934009321 cChuka University Library aLB 2822.82b.D84 2008 aDuFour, Richard aRevisiting Professional Learning Communities at Work : New Insights for Improving schools aIndianabSolution Tree Pressc2008 axxii, 520pp aSchool improvement programs - United States aTeachers - Training of - United states aGroup work in education - United States aDuFour, Rebecca aEaker, Robert